Geotechnical earthquake engineering

Gorde:
Xehetasun bibliografikoak
Egile nagusia: Kramer, Steven L (Egilea)
Formatua: Liburua
Hizkuntza:ingelesa
Argitaratua: Nueva Delhi Pearson Education Inc 2007
Edizioa:1a. ed
Gaiak:
Etiketak: Etiketa erantsi
Etiketarik gabe, Izan zaitez lehena erregistro honi etiketa jartzen!

MARC

LEADER 00000cam a2200000 a 4500
001 UCC4874
003 CL-VaPUC
008 180831e20070000ii |||||||||||||||||eng|d
020 |a 9788131707180 
082 0 4 |a 624.151  |b KRA  |2 21 
100 0 |a Kramer, Steven L  |e author  |9 599080 
245 1 0 |a Geotechnical earthquake engineering 
250 |a 1a. ed 
300 |a 653 p 
942 |c BK 
945 |d 20180831 12:04:00  |a dcastane 
260 |a Nueva Delhi  |b Pearson Education Inc  |c 2007 
650 0 |a Ingeniería sísmica  |9 262652 
650 0 |a Dinámica estructural   |9 260388 
650 0 |a Dinámica de suelos  |9 262654 
583 |a last modification  |c 20180831 12:04:00  |k Rodrigo Vera 
999 |c 372259  |d 372257 
952 |0 0  |1 0  |3 erb  |4 0  |6 624_151000000000000_KRA_2007  |7 0  |8 A  |9 489584  |a BIBING  |b BIBING  |i 5493536  |l 1  |o 624.151 KRA 2007  |p 5493536  |r 2025-01-20  |s 2024-08-07  |w 2019-11-24  |y BK  |z Catalogado en:20180831  |k CIC 
952 |0 0  |1 0  |3 erb  |4 0  |6 624_151000000000000_KRA_2007  |7 0  |8 A  |9 489585  |a BIBING  |b BIBING  |i 5493528  |l 1  |o 624.151 KRA 2007  |p 5493528  |r 2025-01-20  |s 2024-08-07  |w 2019-11-24  |y BK  |z Catalogado en:20180831  |k CIC